00818nam a22001577a 4500040001500000082001400015100002300029245006100052260003600113300001400149505030500163650002100468942002400489999001900513952012800532 cMCS (NUST) a005.8,SAM aSami, Sadia935203 aIdentity Based Encryption for Secure Email /cSadia Sami aRawalpndibMCS (NUST)cApr 2016 axi, 58 p, aIntroduction (Page-1), Literature Review (Page-5), Analysis of IB Key Agreement Protocol for Multiple PKGs and IBE Based Email Systems (Page-19), Proposed IBE Scheme for Secure Email in Multiple PKG Environment (Page-33), Performance Evaluation and Security Analysis (Page-43), Conclusion (Page-50). aPG Thesis935000 2ddccTHEk005.8,SAM c608151d608151 00102ddc4070aMCSbMCScGENd2024-02-26l0o005.8,SAMpMCSTIS-408r2024-02-26w2024-02-26yTHEzOnly Hard Copy Available